00439 2200181 4500001002100000005001500021008004100036020002200077035001900099041000700118082001000125090001600135100001500151245003300166260002100199300001900220650001800239INLIS00000000000521220241224113046241224||||||||| | ||| |||| || |  a978-602-9473-96-4 0010-1224005212 aid0 a741.5 a741.5 KAK t0 aKAK SRIYON00aTELUR BERTANYA AYAM MENJAWAB bLITTLE BEEc2015 a24 HLM,;19,5CM 0aILMU OLAHRAGA